000 00451nam a22001457a 4500
020 _a978-0-2413-6570-0
082 _a403
_bMAR/E
100 _aSHARIF- DRAPER, MARYAM
245 _aFINDOUT! EARTH
260 _aLONDON
_bDK LIMITED
_c2018
300 _a64
520 _aPACKE DWITH SURPRISING FACTS AND AMAZING PICTURES, ITS A SMALL BOOK FILLED WITH BIG IDEAS, FUN FACTS, AMAZING PICTURES, QUIZZES
650 _aSCIENCE ENCYCLOPEDIA
_zINDIA
942 _cBK
999 _c1793
_d1793